[Event "ROM-chT U18"]
[Site "Iasi"]
[Date "2018.07.17"]
[Round "5.3"]
[White "Chioran, Andrei Ovidiu"]
[Black "Cristian, Codrut"]
[Result "1/2-1/2"]
[WhiteElo "1831"]
[BlackElo "1744"]
[PlyCount "72"]
[EventDate "2018.07.13"]
[EventType "team-tourn"]
[EventRounds "5"]
[EventCountry "ROU"]
[SourceTitle "EXT 2020"]
[Source "ChessBase"]
[SourceDate "2019.10.17"]
[SourceVersion "1"]
[SourceVersionDate "2019.10.17"]
[SourceQuality "1"]
[WhiteTeam "Cluj Viitorul"]
[BlackTeam "Bucharest Tinerii Maestri"]
[WhiteTeamCountry "ROU"]
[BlackTeamCountry "ROU"]

1. e4 e5 2. Nf3 Nc6 3. Bc4 Bc5 4. c3 Nf6 5. d3 Bb6 6. a4 a6 7. 0-0 d6 8. Nbd2 0-0 9. Re1 Ne7 10. Nf1 Ng6 11. a5 Ba7 12. Ng3 Qe7 13. Bb3 Be6 14. Bc2 h6 15. Be3 Rfe8 16. Bxa7 Rxa7 17. d4 c6 18. dxe5 dxe5 19. Nxe5 Nxe5 20. Qd4 Raa8 21. Qxe5 Rad8 22. Rad1 Ng4 23. Qf4 Qc5 24. Nf5 Rxd1 25. Bxd1 Bxf5 26. Bxg4 Bxg4 27. Qxg4 Qxa5 28. Qd7 Rxe4 29. Qc8+ Kh7 30. Rd1 Qe5 31. g3 Re1+ 32. Rxe1 Qxe1+ 33. Kg2 Qe4+ 34. Kg1 Qe1+ 35. Kg2 Qe4+ 36. Kg1 Qe1+ 1/2-1/2

[Event "ROM-chT U18"]
[Site "Iasi"]
[Date "2018.07.16"]
[Round "4.3"]
[White "Cristian, Codrut"]
[Black "Paraschiv, Paul Alexandru"]
[Result "0-1"]
[WhiteElo "1744"]
[BlackElo "2140"]
[PlyCount "98"]
[EventDate "2018.07.13"]
[EventType "team-tourn"]
[EventRounds "5"]
[EventCountry "ROU"]
[SourceTitle "EXT 2019"]
[Source "ChessBase"]
[SourceDate "2018.10.10"]
[SourceVersion "1"]
[SourceVersionDate "2018.10.10"]
[SourceQuality "1"]
[WhiteTeam "Bucharest Tinerii Maestri"]
[BlackTeam "Timisoara Vest Univ"]
[WhiteTeamCountry "ROU"]
[BlackTeamCountry "ROU"]

1. Nf3 Nf6 2. c4 e6 3. g3 b6 4. Bg2 Bb7 5. 0-0 Be7 6. Nc3 0-0 7. Re1 c5 8. e4 d6 9. d4 cxd4 10. Nxd4 a6 11. b3 Qc7 12. Bb2 Nbd7 13. Qe2 Rac8 14. Rad1 Rfd8 15. Rc1 Qb8 16. Rcd1 Qa8 17. Rd2 Bf8 18. Red1 Nc5 19. Nc2 Nfxe4 20. Nxe4 Nxe4 21. Bxe4 Bxe4 22. Ne3 Bf3 23. Qe1 Bxd1 24. Qxd1 b5 25. Ng4 e5 26. Ne3 bxc4 27. Nxc4 Qb8 28. Ne3 d5 29. Nxd5 Kh8 30. Qh5 f6 31. Qe2 Qb5 32. Qe1 Rc6 33. Nc3 Rxd2 34. Qxd2 Qb7 35. Qd5 Qc8 36. Qd3 Rd6 37. Qe2 Rd7 38. Ne4 Rc7 39. Qd3 Rc2 40. Bc3 Rc1+ 41. Kg2 Qc6 42. f3 Qb6 43. Nf2 Qb5 44. Qxb5 axb5 45. Ba5 Rc2 46. a3 Bc5 47. Be1 Bxa3 48. b4 Kg8 49. Kh3 Bxb4 0-1

[Event "ROM-chT U18"]
[Site "Iasi"]
[Date "2018.07.14"]
[Round "2.3"]
[White "Cristian, Codrut"]
[Black "Mogirzan, Matei Valeriu"]
[Result "0-1"]
[WhiteElo "1744"]
[BlackElo "1809"]
[PlyCount "52"]
[EventDate "2018.07.13"]
[EventType "team-tourn"]
[EventRounds "5"]
[EventCountry "ROU"]
[SourceTitle "EXT 2019"]
[Source "ChessBase"]
[SourceDate "2018.10.10"]
[SourceVersion "1"]
[SourceVersionDate "2018.10.10"]
[SourceQuality "1"]
[WhiteTeam "Bucharest Tinerii Maestri"]
[BlackTeam "Timisoara CC1"]
[WhiteTeamCountry "ROU"]
[BlackTeamCountry "ROU"]

1. Nf3 d6 2. d4 g6 3. c4 Bg7 4. Nc3 Nf6 5. e4 0-0 6. Be2 e5 7. d5 Nbd7 8. Bg5 a5 9. Nd2 Nc5 10. b3 h6 11. Bh4 g5 12. Bg3 Nfxe4 13. Ncxe4 Nxe4 14. Nxe4 f5 15. f3 fxe4 16. fxe4 c5 17. Bf3 Rf4 18. 0-0 g4 19. Bxf4 exf4 20. Bxg4 Bxa1 21. Rxf4 Be5 22. Rf1 Qh4 23. h3 Qg3 24. Qf3 Bxg4 25. hxg4 Qh2+ 26. Kf2 Rf8 0-1

[Event "ROM-ch U18"]
[Site "Calimanesti"]
[Date "2018.03.29"]
[Round "3"]
[White "Olinici, Emanuel"]
[Black "Cristian, Codrut"]
[Result "1-0"]
[WhiteElo "1964"]
[BlackElo "1695"]
[PlyCount "45"]
[EventDate "2018.03.27"]
[EventType "swiss"]
[EventRounds "9"]
[EventCountry "ROU"]
[SourceTitle "CBM 183 Extra"]
[Source "ChessBase"]
[SourceDate "2018.04.19"]
[SourceVersion "1"]
[SourceVersionDate "2018.04.19"]
[SourceQuality "1"]

1. d4 d5 2. Bf4 e6 3. Nf3 c5 4. e3 Nf6 5. c3 Be7 6. Nbd2 Nc6 7. Bd3 a6 8. Ne5 Qb6 9. Rb1 Bd7 10. 0-0 Qa7 11. Bg5 b6 12. f4 h6 13. Bh4 b5 14. Kh1 c4 15. Bc2 b4 16. Qf3 Qc7 17. e4 Qa5 18. Bxf6 gxf6 19. exd5 exd5 20. Ndxc4 Qc7 21. Nxd7 Nxd4 22. cxd4 Qxc4 23. Ba4 1-0

[Event "ROM-ch U18"]
[Site "Baile Felix"]
[Date "2017.02.03"]
[Round "2"]
[White "Banzea, Alexandru Bogdan"]
[Black "Cristian, Codrut"]
[Result "1-0"]
[WhiteElo "2245"]
[BlackElo "1719"]
[PlyCount "123"]
[EventDate "2017.02.02"]
[EventType "swiss"]
[EventRounds "9"]
[EventCountry "ROU"]
[SourceTitle "CBM 176 Extra"]
[Source "ChessBase"]
[SourceDate "2017.03.02"]
[SourceVersion "1"]
[SourceVersionDate "2017.03.02"]
[SourceQuality "1"]

1. e4 e5 2. Nf3 Nc6 3. Bc4 Bc5 4. c3 Nf6 5. d3 d6 6. 0-0 0-0 7. a4 a6 8. Na3 Ne7 9. Nc2 Bb6 10. h3 h6 11. Re1 Ng6 12. a5 Ba7 13. b4 c6 14. Bb3 Re8 15. Be3 d5 16. Bxa7 Rxa7 17. exd5 Nxd5 18. Qd2 Ra8 19. Rad1 Qf6 20. d4 e4 21. Nh2 Ndf4 22. Kh1 Nd3 23. Rf1 Ngf4 24. Ne3 Be6 25. Bxe6 Qxe6 26. f3 f5 27. fxe4 Qxe4 28. Rf3 Rab8 29. Nef1 Qe2 30. Rxd3 Nxd3 31. Qxe2 Rxe2 32. Rxd3 Rbe8 33. Kg1 Rb2 34. Nd2 Re2 35. Nhf1 f4 36. d5 cxd5 37. Rxd5 Rc2 38. c4 Rb2 39. b5 axb5 40. cxb5 Ra2 41. b6 Re1 42. Kf2 Rea1 43. Rd8+ Kh7 44. Rd7 Rb2 45. Rd5 Rba2 46. Kf3 Rxa5 47. Rxa5 Rxa5 48. Nc4 Rc5 49. Nfd2 g5 50. Ke4 Kg6 51. Kd4 Rb5 52. Ne4 Rb3 53. Nc5 f3 54. Nxb3 fxg2 55. Ne5+ Kf5 56. Nf3 Kf4 57. Ng1 Kg3 58. Ke3 h5 59. Nd4 g4 60. Nde2+ Kh2 61. hxg4 hxg4 62. Kd4 1-0

[Event "ROM-ch U16"]
[Site "Calimanesti Caciulata"]
[Date "2016.04.24"]
[Round "8"]
[White "Dumitru, Matei Ioan"]
[Black "Cristian, Codrut"]
[Result "1-0"]
[WhiteElo "2020"]
[BlackElo "1604"]
[PlyCount "66"]
[EventDate "2016.04.18"]
[EventType "swiss"]
[EventRounds "9"]
[EventCountry "ROU"]
[SourceTitle "EXT 2017"]
[Source "ChessBase"]
[SourceDate "2016.10.25"]
[SourceVersion "1"]
[SourceVersionDate "2016.10.25"]
[SourceQuality "1"]

1. e4 e5 2. Nf3 Nc6 3. Bc4 Bc5 4. c3 Nf6 5. d4 exd4 6. cxd4 Bb4+ 7. Bd2 Nxe4 8. Bxb4 Nxb4 9. Bxf7+ Kxf7 10. Qb3+ d5 11. Qxb4 Rf8 12. Nc3 Nxc3 13. Qxc3 Kg8 14. 0-0 c6 15. Rae1 Qf6 16. Ne5 Be6 17. Re3 Rac8 18. b4 Qd8 19. Rfe1 Qd6 20. Qc5 Qxc5 21. bxc5 Bf7 22. Ra3 a6 23. Rb3 Rc7 24. Reb1 Rb8 25. Rb6 Be8 26. Rxa6 Rcc8 27. Ra7 Ra8 28. Rbxb7 Rxa7 29. Rxa7 Rb8 30. f3 Rb4 31. Ra8 Kf8 32. Nxc6 Rc4 33. a4 Kf7 1-0

[Event "ROM-ch U16"]
[Site "Calimanesti Caciulata"]
[Date "2016.04.21"]
[Round "4"]
[White "Cristian, Codrut"]
[Black "Mortu, Adrian"]
[Result "1-0"]
[WhiteElo "1604"]
[BlackElo "1704"]
[PlyCount "104"]
[EventDate "2016.04.18"]
[EventType "swiss"]
[EventRounds "9"]
[EventCountry "ROU"]
[SourceTitle "CBM 172 Extra"]
[Source "ChessBase"]
[SourceDate "2016.06.21"]
[SourceVersion "1"]
[SourceVersionDate "2016.06.21"]
[SourceQuality "1"]

1. d4 Nf6 2. c4 g6 3. Nc3 Bg7 4. e4 d6 5. f4 c5 6. d5 Bg4 7. Be2 Bxe2 8. Qxe2 0-0 9. Nf3 Nfd7 10. 0-0 e5 11. f5 Nb6 12. g4 h6 13. g5 hxg5 14. Nxg5 Bf6 15. Qg4 Bxg5 16. Bxg5 f6 17. Bh6 g5 18. Bxf8 Qxf8 19. b3 Na6 20. Qh5 Qg7 21. a3 Nc7 22. Rf2 Nd7 23. Rg2 Qh7 24. Qxh7+ Kxh7 25. Rg4 Rg8 26. Ra2 Kg7 27. Rag2 Nf8 28. Nb5 Nxb5 29. cxb5 Nh7 30. a4 a5 31. bxa6 bxa6 32. b4 cxb4 33. Rb2 a5 34. Rc2 Rb8 35. Rgg2 Nf8 36. Rc6 Rb7 37. Rgc2 Kg8 38. Rxd6 b3 39. Rb2 Nd7 40. Rc6 Rb4 41. Rc3 Rxe4 42. Rbxb3 Rxa4 43. Rc8+ Nf8 44. Rb6 Ra1+ 45. Kf2 Ra2+ 46. Ke3 Rxh2 47. Rxf6 Kg7 48. Rd6 Rh3+ 49. Kf2 Rh2+ 50. Kg3 Rh7 51. Rc7+ Kh8 52. Rxh7+ Kxh7 1-0

[Event "World Amateur-ch"]
[Site "Iasi"]
[Date "2013.04.26"]
[Round "5"]
[White "Cristian, Codrut"]
[Black "Martinez Paipa, Hernan"]
[Result "0-1"]
[WhiteElo "1555"]
[BlackElo "1944"]
[PlyCount "40"]
[EventDate "2013.04.22"]
[EventType "swiss"]
[EventRounds "9"]
[EventCountry "ROU"]
[SourceTitle "CBM 154 Extra"]
[Source "ChessBase"]
[SourceDate "2013.06.25"]
[SourceVersion "2"]
[SourceVersionDate "2013.06.25"]
[SourceQuality "1"]

1. d4 Nf6 2. c4 e6 3. Nc3 Bb4 4. a3 Bxc3+ 5. bxc3 d6 6. e3 0-0 7. Bd3 Nbd7 8. Ne2 Re8 9. 0-0 e5 10. Ng3 Nf8 11. Bb2 Ng6 12. Qc2 c6 13. Rad1 Qc7 14. Qd2 Bd7 15. Bxg6 hxg6 16. dxe5 dxe5 17. Ne4 Rad8 18. Qc2 b6 19. c5 Nd5 20. cxb6 axb6 0-1

[Event "World Amateur-ch"]
[Site "Iasi"]
[Date "2013.04.22"]
[Round "1"]
[White "Rafee, Mohd Hayel"]
[Black "Cristian, Codrut"]
[Result "1/2-1/2"]
[WhiteElo "1909"]
[BlackElo "1555"]
[PlyCount "101"]
[EventDate "2013.04.22"]
[EventType "swiss"]
[EventRounds "9"]
[EventCountry "ROU"]
[SourceTitle "CBM 154 Extra"]
[Source "ChessBase"]
[SourceDate "2013.06.25"]
[SourceVersion "2"]
[SourceVersionDate "2013.06.25"]
[SourceQuality "1"]

1. e4 e5 2. Nf3 Nc6 3. Bb5 a6 4. Bxc6 dxc6 5. 0-0 Qd6 6. d4 exd4 7. Nxd4 c5 8. Nb3 Qxd1 9. Rxd1 Bd7 10. Be3 b6 11. Nc3 0-0-0 12. a4 Ne7 13. a5 Kb7 14. axb6 cxb6 15. Rd2 Nc6 16. Rad1 Kc8 17. Nd5 Be6 18. Nxb6+ Kc7 19. Rxd8 Nxd8 20. Bf4+ Kxb6 21. Rxd8 g6 22. Be5 Bg7 23. Rxh8 Bxe5 24. Re8 Bxb2 25. Kf1 c4 26. Nd2 c3 27. Nf3 a5 28. Nd4 Bc4+ 29. Ke1 a4 30. Ra8 a3 31. Kd1 a2 32. f4 a1Q+ 33. Rxa1 Bxa1 34. f5 gxf5 35. Nxf5 Be6 36. Nd4 Bg4+ 37. Ke1 Bb2 38. h3 Be6 39. Kf2 Kc5 40. Ke3 Kc4 41. Nf3 Bc1+ 42. Ke2 f6 43. g4 h5 44. e5 hxg4 45. hxg4 Bxg4 46. exf6 Bxf3+ 47. Kxf3 Bh6 48. Ke4 Bf8 49. f7 Kb4 50. Kd4 Bc5+ 51. Kd3 1/2-1/2

[Event "ROM-ch U14"]
[Site "Calimanesti"]
[Date "2013.04.08"]
[Round "9"]
[White "Cristian, Codrut"]
[Black "Comsa, Radu"]
[Result "1-0"]
[WhiteElo "1555"]
[BlackElo "1476"]
[PlyCount "51"]
[EventDate "2013.04.02"]
[EventType "swiss"]
[EventRounds "9"]
[EventCountry "ROU"]
[SourceTitle "CBM 153 Extra"]
[Source "ChessBase"]
[SourceDate "2013.04.22"]
[SourceVersion "1"]
[SourceVersionDate "2013.04.22"]
[SourceQuality "1"]

1. d4 Nf6 2. c4 e5 3. dxe5 Ng4 4. Nf3 Bc5 5. e3 Nc6 6. Be2 0-0 7. 0-0 Re8 8. Qd5 Bf8 9. e4 Ngxe5 10. Bg5 Be7 11. Nxe5 Nxe5 12. Bxe7 Qxe7 13. Nc3 d6 14. Qd2 Be6 15. b3 c6 16. Rad1 Rad8 17. f4 Nd7 18. f5 Bxf5 19. Rxf5 Nb6 20. Rdf1 d5 21. cxd5 cxd5 22. exd5 Qc5+ 23. Kh1 g6 24. Rxf7 Nxd5 25. Qh6 Nf6 26. Qg7# 1-0

[Event "ROM-ch U14"]
[Site "Calimanesti"]
[Date "2013.04.03"]
[Round "3"]
[White "Cristian, Codrut"]
[Black "Stancu, Robert Alexandru"]
[Result "1/2-1/2"]
[WhiteElo "1555"]
[BlackElo "1763"]
[PlyCount "51"]
[EventDate "2013.04.02"]
[EventType "swiss"]
[EventRounds "9"]
[EventCountry "ROU"]
[SourceTitle "CBM 153 Extra"]
[Source "ChessBase"]
[SourceDate "2013.04.22"]
[SourceVersion "1"]
[SourceVersionDate "2013.04.22"]
[SourceQuality "1"]

1. d4 Nf6 2. c4 e6 3. Nc3 Bb4 4. a3 Bxc3+ 5. bxc3 d6 6. e3 0-0 7. Bd3 Qe7 8. Ne2 Nc6 9. 0-0 e5 10. Ng3 g6 11. Qe2 Ne8 12. d5 Nb8 13. e4 Nd7 14. Be3 Nc5 15. Bxc5 dxc5 16. Qe3 f5 17. f4 exf4 18. Qxf4 fxe4 19. Qxf8+ Qxf8 20. Rxf8+ Kxf8 21. Nxe4 b6 22. Rf1+ Kg7 23. Ng5 Nd6 24. Re1 Bg4 25. h3 Bc8 26. h4 1/2-1/2

[Event "ROM-ch"]
[Site "Baile Olanesti"]
[Date "2013.02.24"]
[Round "11"]
[White "Cristian, Codrut"]
[Black "Baiasu, Mihai Liviu"]
[Result "1/2-1/2"]
[WhiteElo "1563"]
[BlackElo "1428"]
[PlyCount "76"]
[EventDate "2013.02.16"]
[EventType "swiss"]
[EventRounds "11"]
[EventCountry "ROU"]
[SourceTitle "CBM 153 Extra"]
[Source "ChessBase"]
[SourceDate "2013.04.22"]
[SourceVersion "1"]
[SourceVersionDate "2013.04.22"]
[SourceQuality "1"]

1. d4 Nf6 2. c4 e6 3. Nc3 b6 4. e3 Bb4 5. Bd3 Bb7 6. Nf3 0-0 7. 0-0 c5 8. a3 Bxc3 9. bxc3 d5 10. a4 Qc7 11. cxd5 Bxd5 12. c4 Bb7 13. dxc5 bxc5 14. Rb1 Nbd7 15. Be2 Ng4 16. h3 Bxf3 17. hxg4 Be4 18. Bd3 Bxd3 19. Qxd3 Ne5 20. Qe4 Qc6 21. Qxe5 Qxa4 22. Qxc5 Rfc8 23. Qb4 Rxc4 24. Qb8+ Rc8 25. Qe5 Qxg4 26. Qf4 Qg6 27. Ba3 Qd3 28. Bd6 a5 29. Rb8 Rcxb8 30. Bxb8 h6 31. Rc1 a4 32. Rc8+ Kh7 33. Qxf7 Rxb8 34. Rxb8 Qd1+ 35. Kh2 a3 36. Qxe6 Qh5+ 37. Qh3 Qe5+ 38. Qg3 Qh5+ 1/2-1/2

[Event "ROM-ch"]
[Site "Baile Olanesti"]
[Date "2013.02.20"]
[Round "6"]
[White "Cristian, Codrut"]
[Black "Teodorescu, Dan"]
[Result "1-0"]
[WhiteElo "1563"]
[BlackElo "1716"]
[PlyCount "81"]
[EventDate "2013.02.16"]
[EventType "swiss"]
[EventRounds "11"]
[EventCountry "ROU"]
[SourceTitle "CBM 153 Extra"]
[Source "ChessBase"]
[SourceDate "2013.04.22"]
[SourceVersion "1"]
[SourceVersionDate "2013.04.22"]
[SourceQuality "1"]

1. d4 Nf6 2. c4 c5 3. d5 e6 4. Nc3 exd5 5. cxd5 Bd6 6. e4 Be5 7. Nf3 Bxc3+ 8. bxc3 d6 9. Bd3 0-0 10. 0-0 Re8 11. Re1 Nbd7 12. Bg5 Qc7 13. c4 b6 14. Bf4 Nh5 15. Qd2 Nxf4 16. Qxf4 Ne5 17. Nxe5 dxe5 18. Qg3 a6 19. a4 Bd7 20. h3 Rab8 21. Reb1 Rb7 22. Qe3 Reb8 23. Rc1 Rc8 24. Rc2 Qd8 25. Be2 Qe8 26. a5 b5 27. cxb5 Bxb5 28. Bg4 Rcc7 29. Rxc5 g6 30. Rxc7 Rxc7 31. Rc1 Qd8 32. Kh2 Rxc1 33. Qxc1 Qxa5 34. Qc8+ Kg7 35. d6 Qd2 36. d7 Qxf2 37. Bf3 Bxd7 38. Qxd7 h5 39. Qd6 f6 40. Qe7+ Kh6 41. Qxf6 1-0

[Event "World School-ch U13 8th"]
[Site "Iasi"]
[Date "2012.05.01"]
[Round "4"]
[White "Cristian, Codrut"]
[Black "Aryan, Chopra"]
[Result "1-0"]
[WhiteElo "1589"]
[BlackElo "1969"]
[PlyCount "59"]
[EventDate "2012.04.28"]
[EventType "swiss"]
[EventRounds "9"]
[EventCountry "ROU"]
[SourceTitle "EXT 2013"]
[Source "ChessBase"]
[SourceDate "2012.11.22"]
[SourceVersion "1"]
[SourceVersionDate "2012.11.22"]
[SourceQuality "1"]

1. d4 d6 2. e4 e5 3. dxe5 dxe5 4. Qxd8+ Kxd8 5. Nf3 Nd7 6. Nc3 c6 7. Bc4 f6 8. a3 Bd6 9. Be3 Ne7 10. 0-0-0 Kc7 11. Rd2 f5 12. Rhd1 Bc5 13. Bxc5 Nxc5 14. exf5 Nxf5 15. Nxe5 Re8 16. Nf3 Nh6 17. Re1 Bf5 18. Rxe8 Rxe8 19. h3 Rf8 20. Re2 Ng8 21. Bxg8 Rxg8 22. Re5 Nd3+ 23. cxd3 Bxd3 24. Re7+ Kb6 25. Ne5 Bf1 26. Nd7+ Ka6 27. b3 Bxg2 28. Nc5+ Kb6 29. N5a4+ Ka5 30. Rxb7 1-0